01202 a2200229 4500003000500000005001700005010001600022020001500038040000900053082001500062100003200077245006600109250001100175260003100186300003500217505041300252650002900665942001200694999001900706952012400725952012300849Nust20221128132306.0 a 78006706 a0471029859 cNust00a519.4, ATK1 aAtkinson, Kendall E.96728813aAn introduction to numerical analysis /cKendall E. Atkinson. a2nd ed aNew York :bWiley,cc1978. axiii, 587 p. :bill. ;c24 cm. a1.Error; Its Sources, Propagation and Analysis (Page-3), Root finding for Nonlinear Equations (Page-53), Interpolation Theory (Page-131), Approximation of Functions (Page-197), Numerical Integration (Page-249), Numerical Methods for Ordinary Differential Equations (Page-333), Linear Algebra (Page-463), Numerical Solution of Systems of Linear Equations (Page-507), The Matrix Eigenvalue Problem (Page-587). 0aNumerical analysis.9103 2ddccBK c179180d179180 00102ddc4070aMCSbMCScGENd2016-12-12o519.4, ATKpMCS32559r2016-12-08w2016-12-12yBKzAlmirah No.14, Shelf No.3 00102ddc4070aMCSbMCScGENd2016-12-12o519.4, ATKpMCS7110r2016-12-08w2016-12-12yBKzAlmirah No.14, Shelf No.3